|
|
|
|
| LEADER |
00000caa a2200000 c 4500 |
| 001 |
1451500912 |
| 003 |
DE-627 |
| 005 |
20220531134737.0 |
| 007 |
tu |
| 008 |
130423s1988 xx ||||| 00| ||ger c |
| 020 |
|
|
|a 3822628883
|
| 035 |
|
|
|a (DE-627)1451500912
|
| 035 |
|
|
|a (DE-576)381500918
|
| 035 |
|
|
|a (DE-599)BSZ381500918
|
| 040 |
|
|
|a DE-627
|b ger
|c DE-627
|e rakwb
|
| 041 |
|
|
|a ger
|
| 100 |
1 |
|
|a Müller-Dietz, Heinz
|d 1931-2022
|0 (DE-588)120171201
|0 (DE-627)080497454
|0 (DE-576)162308469
|4 aut
|
| 109 |
|
|
|a Müller-Dietz, Heinz 1931-2022
|a Müller-Dietz, H. 1931-2022
|a Müller Dietz, Heinz 1931-2022
|a Dietz, Heinz Müller- 1931-2022
|a Müller-Dietz 1931-2022
|
| 245 |
1 |
4 |
|a Der Strafvollzug im Werk Mittermaiers
|c Heinz Müller-Dietz
|
| 264 |
|
1 |
|c 1988
|
| 336 |
|
|
|a Text
|b txt
|2 rdacontent
|
| 337 |
|
|
|a ohne Hilfsmittel zu benutzen
|b n
|2 rdamedia
|
| 338 |
|
|
|a Band
|b nc
|2 rdacarrier
|
| 773 |
0 |
8 |
|i In
|t Carl Joseph Anton Mittermaier
|d Heidelberg : v. Decker u. Müller, 1988
|g (1988), Seite 109-137
|h VIII, 309 S.
|w (DE-627)022525254
|w (DE-576)017019648
|z 3822628883
|7 nnam
|
| 773 |
1 |
8 |
|g year:1988
|g pages:109-137
|
| 951 |
|
|
|a AR
|
| ELC |
|
|
|b 1
|
| LOK |
|
|
|0 000 xxxxxcx a22 zn 4500
|
| LOK |
|
|
|0 001 2744805157
|
| LOK |
|
|
|0 003 DE-627
|
| LOK |
|
|
|0 004 1451500912
|
| LOK |
|
|
|0 005 20260209120314
|
| LOK |
|
|
|0 008 130423||||||||||||||||ger|||||||
|
| LOK |
|
|
|0 040
|a DE-21-110
|c DE-627
|d DE-21-110
|
| LOK |
|
|
|0 689
|a s
|a Geschichte
|
| LOK |
|
|
|0 689
|a s
|a Strafvollzug
|
| LOK |
|
|
|0 689
|a s
|a Gefängniskunde
|
| LOK |
|
|
|0 689
|a s
|a Stufenstrafvollzug
|
| LOK |
|
|
|0 852
|a DE-21-110
|
| LOK |
|
|
|0 852 1
|m p
|9 00
|
| LOK |
|
|
|0 935
|a k110
|
| LOK |
|
|
|0 938
|k p
|
| LOK |
|
|
|0 939
|a 23-04-13
|b l01
|
| ORI |
|
|
|a WA-MARC-krimdoka001.raw
|